| 000 -LEADER |
| fixed length control field |
01139nam a2200253Ia 4500 |
| 001 - CONTROL NUMBER |
| control field |
16302 |
| 003 - CONTROL NUMBER IDENTIFIER |
| control field |
GE_BSU |
| 008 - FIXED-LENGTH DATA ELEMENTS--GENERAL INFORMATION |
| fixed length control field |
181216s||||||||xx |||||||||||||| ||und|| |
| 020 ## - INTERNATIONAL STANDARD BOOK NUMBER |
| International Standard Book Number |
ISBN 978-9941-15-980-0(ოვიდიუსი) |
| 040 ## - CATALOGING SOURCE |
| Transcribing agency |
GE_BSU |
| 080 ## - UNIVERSAL DECIMAL CLASSIFICATION NUMBER |
| Universal Decimal Classification number |
821.124-11 |
| 100 ## - MAIN ENTRY--PERSONAL NAME |
| Personal name |
ოვიდიუსი |
| 245 ## - TITLE STATEMENT |
| Title |
მეტამორფოზები |
| 245 ## - TITLE STATEMENT |
| Statement of responsibility, etc. |
ლათინურიდან თარგმნეს:ნათელა მელაშვილმა და ნანა ტონიამ; რედ.: ნანა ტონია; დიზაინერი: ია მახათაძე. |
| 260 ## - PUBLICATION, DISTRIBUTION, ETC. |
| Place of publication, distribution, etc. |
თბილისი |
| 260 ## - PUBLICATION, DISTRIBUTION, ETC. |
| Name of publisher, distributor, etc. |
ბაკურ სულაკაურის გამ-ბა |
| 260 ## - PUBLICATION, DISTRIBUTION, ETC. |
| Date of publication, distribution, etc. |
2013 |
| 300 ## - PHYSICAL DESCRIPTION |
| Extent |
430გვ.;22სმ. |
| 300 ## - PHYSICAL DESCRIPTION |
| Other physical details |
შენიშვნები:გვ.394-427 |
| 300 ## - PHYSICAL DESCRIPTION |
| Accompanying material |
ყდაზე: ჯულიო რომანოს "გიგანტების დაცემა",1526-34 პალაცე დელ ტე. დელ ტე. |
| 653 ## - INDEX TERM--UNCONTROLLED |
| Uncontrolled term |
ლიტერატურა |
| 942 ## - ADDED ENTRY ELEMENTS (KOHA) |
| Koha item type |
წიგნი |